Tribhuvan University Central Library

The solution of the inverse problem in Geophysical interpretation (Record no. 50599)

MARC details
000 -LEADER
fixed length control field 00646 a2200217 4500
020 ## - INTERNATIONAL STANDARD BOOK NUMBER
International Standard Book Number 0-306-40735-3
041 ## - LANGUAGE CODE
Language code of text/sound track or separate title Eng.
082 ## - DEWEY DECIMAL CLASSIFICATION NUMBER
Classification number 622.15
Item number C273s
100 ## - MAIN ENTRY--PERSONAL NAME
Personal name Cassinis, R. , ed.
9 (RLIN) 9699
245 ## - TITLE STATEMENT
Title The solution of the inverse problem in Geophysical interpretation
260 ## - PUBLICATION, DISTRIBUTION, ETC.
Place of publication, distribution, etc. New York
Name of publisher, distributor, etc. Plenum
Date of publication, distribution, etc. 1981
300 ## - PHYSICAL DESCRIPTION
Extent ix, 381p. illus
440 ## - SERIES STATEMENT/ADDED ENTRY--TITLE
Title Ettore Majorana international Science series
Number of part/section of a work 11
9 (RLIN) 9701
504 ## - BIBLIOGRAPHY, ETC. NOTE
Bibliography, etc. note Bibliography at the end of each chapter
650 ## - SUBJECT ADDED ENTRY--TOPICAL TERM
Topical term or geographic name entry element Geophysics
9 (RLIN) 8420
650 ## - SUBJECT ADDED ENTRY--TOPICAL TERM
Topical term or geographic name entry element Prospecting
9 (RLIN) 9408
650 ## - SUBJECT ADDED ENTRY--TOPICAL TERM
Topical term or geographic name entry element Geographical methods
9 (RLIN) 9703
650 ## - SUBJECT ADDED ENTRY--TOPICAL TERM
Topical term or geographic name entry element Seismics
9 (RLIN) 9704
653 ## - INDEX TERM--UNCONTROLLED
Uncontrolled term Mining
942 ## - ADDED ENTRY ELEMENTS (KOHA)
Source of classification or shelving scheme Dewey Decimal Classification
Koha item type General Collections
Holdings
Withdrawn status Lost status Source of classification or shelving scheme Damaged status Not for loan Home library Current library Date acquired Total Checkouts Full call number Barcode Date last seen Price effective from Koha item type
    Dewey Decimal Classification     Tribhuvan University Central Library Tribhuvan University Central Library 01/09/2011   622.15 C273s G33350 01/09/2011 01/09/2011 General Collections